|
|
|
|
| LEADER |
00000nam0a2200000 4500 |
| 001 |
120337 |
| 005 |
20231101215613.0 |
| 010 |
|
|
|a 5365004469
|
| 010 |
|
|
|a 9785365-004467
|
| 035 |
|
|
|a (RuTPU)RU\TPU\book\130293
|
| 035 |
|
|
|a RU\TPU\book\59950
|
| 090 |
|
|
|a 120337
|
| 100 |
|
|
|a 20031020d2007 m y0rusy50 ca
|
| 101 |
0 |
|
|a rus
|
| 102 |
|
|
|a RU
|
| 105 |
|
|
|a a j 001zy
|
| 200 |
1 |
|
|a Стратегия социологического исследования. Описание, объяснение, понимание социальной реальности
|e учебное пособие
|f В. А. Ядов
|
| 205 |
|
|
|a 3-е изд., испр.
|
| 210 |
|
|
|a Москва
|c Омега-Л
|d 2007
|
| 215 |
|
|
|a 557 с.
|c ил.
|
| 225 |
1 |
|
|a Университетский учебник
|
| 320 |
|
|
|a Библиогр.: с. 545-567.
|
| 330 |
|
|
|a В книге рассматриваются теоретико-методологические основания программы исследования, количественных и качественных методов сбора и анализа эмпирических данных. Детально излагаются процедуры квантификации социальных характеристик, методы сбора данных: анализ документов, наблюдения, опросы, глубинные интервью, статистические приемы анализа взаимосвязей и интерпретативные подходы в качественном исследовании, а также требования к организации теоретико-аналитических и прикладных исследований. В приложениях даны образцы полевых документов. Рекомендуется в качестве учебного пособия для студентов вузов и аспирантов по специальности «Социология», а также для социологов-практиков.
|
| 451 |
|
1 |
|0 (RuTPU)RU\TPU\book\161607
|y 9785365-00958-5
|t Стратегия социологического исследования. Описание, объяснение, понимание социальной реальности
|o учебное пособие
|f В. А. Ядов
|e 4-е изд., стер.
|c М.
|n Омега-Л
|d 2009
|p 567 с.
|a Ядов, Владимир Александрович
|
| 451 |
|
1 |
|0 (RuTPU)RU\TPU\book\59950
|y 5-94628-100-3
|t Стратегия социологического исследования. Описание, объяснение, понимание социальной реальности
|o учебное пособие
|f В. А. Ядов, В. В. Семенова
|c М.
|n Академкнига
|n Добросвет
|d 2003
|p 596 с.
|s Университетский учебник
|a Ядов, В. А.
|
| 606 |
1 |
|
|a Социологические исследования
|2 stltpush
|3 (RuTPU)RU\TPU\subj\37919
|9 58679
|
| 610 |
1 |
|
|a социология
|
| 610 |
1 |
|
|a первичные измерения
|
| 610 |
1 |
|
|a квантификация
|
| 610 |
1 |
|
|a количественный анализ
|
| 610 |
1 |
|
|a сбор данных
|
| 610 |
1 |
|
|a анализ
|
| 610 |
1 |
|
|a эмпирические данные
|
| 610 |
1 |
|
|a качественные методы
|
| 610 |
1 |
|
|a организации
|
| 610 |
1 |
|
|a учебные пособия
|
| 686 |
|
|
|a С5вя73
|v LBC/SL-A
|2 rubbk
|
| 700 |
|
1 |
|a Ядов
|b В. А.
|
| 801 |
|
1 |
|a RU
|b 63413507
|c 20070827
|g PSBO
|
| 801 |
|
2 |
|a RU
|b 63413507
|c 20201117
|g PSBO
|
| 900 |
|
|
|a Маркетинговые исследования в связях с общественностью
|
| 942 |
|
|
|c BK
|
| 959 |
|
|
|a 48/20070816
|d 1
|e 175,00
|f ЧЗГЛ:1
|
| 959 |
|
|
|a 55/20070911
|d 1
|e 251,13
|f АНЛ:1
|